| 000 | 00990cam a22002775a 4500 | ||
|---|---|---|---|
| 001 | 013412522 | ||
| 003 | OSt | ||
| 005 | 20151108135048.0 | ||
| 008 | 060328t2006 njua fr 000 0 eng d | ||
| 020 | _a9780131881204 (pbk.) | ||
| 020 | _a0131881205 (pbk.) | ||
| 040 |
_aStDuBDS _beng _cStDuBDS _dUk _dEG-ScBUE _dEG-ScBUE |
||
| 082 | 0 | 4 |
_a658.1512 _bHIR _222 |
| 100 | 1 |
_aHirst, D. Eric, _d1961- _938687 |
|
| 245 | 1 | 0 |
_aCases in financial reporting : _ban integrated approach with an emphasis on earnings quality and persistence / _cD. Eric Hirst, Mary Lea McAnally. |
| 250 | _a5th ed. | ||
| 260 |
_aUpper Saddle River : _bPearson Prentice Hall / Pearson Education, _cc.2006. |
||
| 300 |
_a304 p. : _bill. ; _c28 cm. |
||
| 500 | _aPrevious ed. : 2004. | ||
| 650 | 0 |
_aFinancial statements. _2BUEsh |
|
| 650 | 0 |
_aCorporations _xAccounting _vCase studies. _2BUEsh |
|
| 651 | _2BUEsh | ||
| 653 |
_bBUSADM _cJune2015 _cNovember2015 |
||
| 700 | 1 | _aMcAnally, Mary Lea. | |
| 942 |
_2ddc _k658.1512 HIR |
||
| 999 |
_c20050 _d20022 |
||